| 000 | 00553nam a2200193 a 4500 | ||
|---|---|---|---|
| 999 |
_c7241 _d7241 |
||
| 003 | PK-NaQUE | ||
| 005 | 20250919100554.0 | ||
| 008 | 250919b ||||| |||| 00| 0 eng d | ||
| 020 | _a0675213355 (paperback) | ||
| 020 | _a9780675213356 (paperback) | ||
| 040 | _cQUEST | ||
| 100 | 1 | _aCook, Nigel P. | |
| 245 | 1 | 0 | _aIntroductory Digital Electronics / |
| 260 |
_a[S.l.] : _bMerrill Pub Co, _c1998. |
||
| 300 | _a360 p. ; | ||
| 650 | _aDigital Electronics | ||
| 856 | 4 | 0 |
_uhttp://10.10.170.122:8080/browse/book/28424 _yDownload eBook |
| 942 |
_cBK _2ddc |
||